[Event "FIDE World Uni Rapid-E 1st"]
[Site "Tornelo INT"]
[Date "2021.03.21"]
[Round "11"]
[White "Fernandes, Tiago Saraiva"]
[Black "Espinoza Briones, Aldo Ivan"]
[Result "1/2-1/2"]
[WhiteElo "1957"]
[BlackElo "1535"]
[PlyCount "105"]
[EventDate "2021.03.20"]
[EventType "swiss (rapid)"]
[EventRounds "12"]
[EventCountry "NET"]
[SourceTitle "EXT 2022"]
[Source "ChessBase"]
[SourceDate "2021.10.06"]
[SourceVersion "1"]
[SourceVersionDate "2021.10.06"]
[SourceQuality "1"]

1. e4 e6 2. d4 d5 3. Nd2 dxe4 4. Nxe4 Nd7 5. Bd3 Ngf6 6. Nxf6+ Nxf6 7. Nf3 c5 8. Bg5 cxd4 9. Nxd4 Be7 10. 0-0 0-0 11. Nf3 Bd7 12. Qe2 Bc6 13. Rfd1 Qc7 14. Ne5 h6 15. Bh4 Nd5 16. Bxe7 Nxe7 17. c3 Rad8 18. Nxc6 Qxc6 19. Be4 Qc7 20. Qf3 b6 21. h3 Rxd1+ 22. Rxd1 Rd8 23. b3 Rxd1+ 24. Qxd1 f5 25. Bd3 Kf7 26. Qh5+ Kf6 27. Qh4+ Kf7 28. Qd4 Qc5 29. Qxc5 bxc5 30. b4 cxb4 31. cxb4 Nd5 32. a3 Ke7 33. Kf1 Kd6 34. Ke1 Nf4 35. Bf1 Ke5 36. Kd2 Kd4 37. g3 Nd5 38. Kc2 e5 39. Kb3 g5 40. a4 f4 41. gxf4 exf4 42. a5 h5 43. Be2 h4 44. Bg4 Nf6 45. Be2 Ne4 46. f3 Nc3 47. b5 Nd5 48. Bd1 Kc5 49. Be2 Nc7 50. Ka4 Nd5 51. Kb3 Nc7 52. Ka4 Nd5 53. Kb3 1/2-1/2

[Event "FIDE World Uni Rapid-E 1st"]
[Site "Tornelo INT"]
[Date "2021.03.20"]
[Round "5"]
[White "Fernandes, Tiago Saraiva"]
[Black "Fica Cruz, Joaquin"]
[Result "0-1"]
[WhiteElo "1957"]
[BlackElo "1949"]
[PlyCount "62"]
[EventDate "2021.03.20"]
[EventType "swiss (rapid)"]
[EventRounds "12"]
[EventCountry "NET"]
[SourceTitle "EXT 2022"]
[Source "ChessBase"]
[SourceDate "2021.10.06"]
[SourceVersion "1"]
[SourceVersionDate "2021.10.06"]
[SourceQuality "1"]

1. e4 e6 2. d4 d5 3. Nd2 Be7 4. Bd3 c5 5. exd5 exd5 6. dxc5 Bxc5 7. Ngf3 Ne7 8. 0-0 h6 9. Nb3 Bb6 10. Re1 0-0 11. a4 Nbc6 12. Bf4 Bg4 13. Qd2 Bxf3 14. gxf3 g5 15. Bg3 f5 16. f4 Ng6 17. fxg5 hxg5 18. Qe2 Kg7 19. a5 Nxa5 20. Be5+ Kh6 21. Qf3 g4 22. Qg3 Nxb3 23. cxb3 Qg5 24. Rac1 f4 25. Qg2 Nxe5 26. Rxe5 Qxe5 27. h3 f3 28. Qf1 g3 29. Qd1 Bxf2+ 30. Kf1 Be3 31. Qe1 g2# 0-1

[Event "FIDE World Uni Rapid-E 1st"]
[Site "Tornelo INT"]
[Date "2021.03.20"]
[Round "6"]
[White "Pineda D, Raul Anibal"]
[Black "Fernandes, Tiago Saraiva"]
[Result "0-1"]
[WhiteElo "1259"]
[BlackElo "1957"]
[PlyCount "122"]
[EventDate "2021.03.20"]
[EventType "swiss (rapid)"]
[EventRounds "12"]
[EventCountry "NET"]
[SourceTitle "EXT 2022"]
[Source "ChessBase"]
[SourceDate "2021.10.06"]
[SourceVersion "1"]
[SourceVersionDate "2021.10.06"]
[SourceQuality "1"]

1. d4 c5 2. c3 Nf6 3. Bf4 b6 4. e3 Bb7 5. Nf3 g6 6. Bd3 Bg7 7. 0-0 d6 8. Nbd2 Nh5 9. Bg3 Nxg3 10. hxg3 Nd7 11. Qe2 Nf6 12. e4 0-0 13. e5 dxe5 14. Nxe5 Nd7 15. Nxd7 Qxd7 16. dxc5 bxc5 17. Nf3 e6 18. Rfd1 Qc6 19. Bb5 Qb6 20. Rd7 Rfd8 21. Rad1 Rxd7 22. Rxd7 Rd8 23. Qd3 Rxd7 24. Qxd7 a6 25. Ba4 Qxb2 26. Qe8+ Bf8 27. Ne5 Qc1+ 28. Kh2 Qh6+ 29. Kg1 Qg7 30. Nd7 Bd5 31. a3 c4 32. Bd1 Bc6 33. Qxf8+ Qxf8 34. Nxf8 Kxf8 35. f4 Ke7 36. Kf2 f6 37. Bf3 Kd6 38. Ke3 Bxf3 39. gxf3 g5 40. fxg5 fxg5 41. Ke4 h5 42. f4 gxf4 43. Kxf4 Kd5 44. Ke3 Ke5 45. Kf3 Kf5 46. Ke3 e5 47. Kf3 Kg5 48. Ke4 Kg4 49. Kxe5 Kxg3 50. Kd4 h4 51. Kxc4 h3 52. Kd5 h2 53. c4 h1Q+ 54. Kd6 Qc1 55. c5 Qxa3 56. Kd5 a5 57. c6 a4 58. Ke6 Qc5 59. Kd7 a3 60. c7 Qxc7+ 61. Kxc7 a2 0-1

[Event "FIDE World Uni Blitz-C 1st"]
[Site "Tornelo INT"]
[Date "2021.03.13"]
[Round "6.47"]
[White "Fernandes, Tiago Saraiva"]
[Black "Cadieu, Corentin"]
[Result "0-1"]
[WhiteElo "1957"]
[BlackElo "1524"]
[PlyCount "98"]
[EventDate "2021.03.13"]
[EventType "swiss (blitz)"]
[EventRounds "10"]
[EventCountry "NET"]
[SourceTitle "EXT 2022"]
[Source "ChessBase"]
[SourceDate "2021.10.06"]
[SourceVersion "1"]
[SourceVersionDate "2021.10.06"]
[SourceQuality "1"]

1. e4 e6 2. Nf3 d5 3. e5 c5 4. b4 cxb4 5. a3 bxa3 6. d4 Nc6 7. Nxa3 a6 8. Nb5 Rb8 9. Na3 Nge7 10. Bd3 Ng6 11. 0-0 Be7 12. c3 Bd7 13. Rb1 Qc7 14. Be3 Na5 15. Ra1 Bxa3 16. Rxa3 Nc4 17. Bxc4 Qxc4 18. Nd2 Qd3 19. Qc1 0-0 20. c4 Qf5 21. c5 Bb5 22. Re1 Nf4 23. Bxf4 Qxf4 24. Qb2 Rfc8 25. Rf3 Qg5 26. Rg3 Qe7 27. Nf3 b6 28. cxb6 Rxb6 29. Qd2 Kh8 30. h3 Rbc6 31. Kh2 Rc2 32. Qf4 Rxf2 33. Qe3 Rcc2 34. Ng5 h6 35. Nf3 Bf1 36. Rxf1 Rxf1 37. Qd3 Rcc1 38. Rg4 a5 39. Nh4 h5 40. Ng6+ fxg6 41. Rxg6 Rh1+ 42. Kg3 h4+ 43. Kg4 Rhg1 44. Qf3 Rcf1 45. Qe2 Qf7 46. Kh5 Rf5+ 47. Kxh4 Qxg6 48. g4 Rh5+ 49. gxh5 Qg5# 0-1

[Event "FIDE World Uni Blitz-C 1st"]
[Site "Tornelo INT"]
[Date "2021.03.13"]
[Round "8.43"]
[White "Fernandes, Tiago Saraiva"]
[Black "Vikrant, Jaglan"]
[Result "1-0"]
[WhiteElo "1957"]
[BlackElo "1626"]
[PlyCount "75"]
[EventDate "2021.03.13"]
[EventType "swiss (blitz)"]
[EventRounds "10"]
[EventCountry "NET"]
[SourceTitle "EXT 2022"]
[Source "ChessBase"]
[SourceDate "2021.10.06"]
[SourceVersion "1"]
[SourceVersionDate "2021.10.06"]
[SourceQuality "1"]

1. e4 c5 2. Nf3 d6 3. Bb5+ Bd7 4. Bxd7+ Qxd7 5. 0-0 Nc6 6. Re1 e5 7. c3 Nf6 8. d4 cxd4 9. cxd4 exd4 10. Nxd4 Nxd4 11. Qxd4 Be7 12. Nc3 0-0 13. Bf4 Rfd8 14. Rad1 Ne8 15. Nd5 Bf8 16. b3 g6 17. Bg5 Rdc8 18. Bf6 Rc6 19. h3 Rac8 20. Re3 Bh6 21. Rf3 Bf8 22. Bh8 Rc2 23. h4 Rc1 24. Rxc1 Rxc1+ 25. Kh2 Qe6 26. Nf6+ Nxf6 27. Bxf6 Qg4 28. Bg5 h6 29. Bf6 g5 30. hxg5 Qh5+ 31. Rh3 Qd1 32. gxh6 Kh7 33. Be7 Qxd4 34. Bg5 Qe5+ 35. f4 Qxe4 36. Rg3 Qe1 37. Kh3 Qh1+ 38. Kg4 1-0

[Event "FIDE World Uni Blitz-C 1st"]
[Site "Tornelo INT"]
[Date "2021.03.13"]
[Round "10.20"]
[White "Fernandes, Tiago Saraiva"]
[Black "Yim, Sung Ho"]
[Result "0-1"]
[WhiteElo "1957"]
[BlackElo "2281"]
[PlyCount "112"]
[EventDate "2021.03.13"]
[EventType "swiss (blitz)"]
[EventRounds "10"]
[EventCountry "NET"]
[SourceTitle "EXT 2022"]
[Source "ChessBase"]
[SourceDate "2021.10.06"]
[SourceVersion "1"]
[SourceVersionDate "2021.10.06"]
[SourceQuality "1"]

1. e4 e5 2. Bc4 Nf6 3. Nf3 Nxe4 4. Nc3 Nf6 5. Nxe5 d5 6. Bb3 Be7 7. Nxf7 Kxf7 8. Nxd5 Nxd5 9. Qf3+ Bf6 10. Bxd5+ Kf8 11. 0-0 c6 12. Bb3 Na6 13. d4 Qxd4 14. Rd1 Bg4 15. Rxd4 Bxf3 16. Rd3 Bg4 17. Bf4 g6 18. Re1 Kg7 19. f3 Bf5 20. Rde3 Bd4 21. Be5+ Bxe5 22. Rxe5 h5 23. Re7+ Kh6 24. Rxb7 Nc5 25. Rc7 Nxb3 26. cxb3 Rhc8 27. Rce7 Rd8 28. Rc7 Re8 29. Rxe8 Rxe8 30. Rxc6 Re2 31. Rc3 Rxb2 32. a4 Bc2 33. Rc7 a5 34. Ra7 Bxb3 35. Rxa5 Ra2 36. Rc5 Bxa4 37. g3 Bd1 38. f4 Bf3 39. h4 Rg2+ 40. Kf1 Rxg3 41. Kf2 Rh3 42. Re5 Bg4 43. Re3 Rxh4 44. Re5 Bf5 45. Ke3 Rh3+ 46. Kf2 Bg4 47. Rc5 Rf3+ 48. Ke2 Rxf4+ 49. Ke3 Rf3+ 50. Ke4 Rf5 51. Rc3 Kg5 52. Rg3 h4 53. Rg1 h3 54. Ke3 Kh4 55. Rh1 Kg3 56. Ke4 Bf3+ 0-1

[Event "FIDE World Uni Blitz-C 1st"]
[Site "Tornelo INT"]
[Date "2021.03.13"]
[Round "5.33"]
[White "Gray, Euan"]
[Black "Fernandes, Tiago Saraiva"]
[Result "1-0"]
[WhiteElo "2098"]
[BlackElo "1957"]
[PlyCount "161"]
[EventDate "2021.03.13"]
[EventType "swiss (blitz)"]
[EventRounds "10"]
[EventCountry "NET"]
[SourceTitle "EXT 2022"]
[Source "ChessBase"]
[SourceDate "2021.10.06"]
[SourceVersion "1"]
[SourceVersionDate "2021.10.06"]
[SourceQuality "1"]

1. d4 c5 2. d5 Nf6 3. c4 b5 4. cxb5 a6 5. bxa6 d6 6. Nc3 Bxa6 7. Nf3 g6 8. e4 Bxf1 9. Kxf1 Bg7 10. g3 0-0 11. Kg2 Nbd7 12. a4 Ra6 13. Qc2 Qa8 14. Ra3 Ng4 15. Nd2 Bd4 16. Rf1 Rc8 17. h3 Ngf6 18. Nc4 Ne5 19. Nxe5 Bxe5 20. Be3 Nd7 21. Rfa1 Nb6 22. Nb5 Bg7 23. Bg5 Qb7 24. a5 Na8 25. Bd2 Qxb5 26. Rb3 Qd7 27. Bc3 Bxc3 28. Qxc3 Nc7 29. Qc4 Ra7 30. Rb6 Na8 31. Rb3 Rb7 32. Rba3 Rcb8 33. b3 Nc7 34. a6 Rb4 35. Qc2 Ra8 36. a7 Nb5 37. Ra6 Nd4 38. Qd2 Qb7 39. R1a2 Rxb3 40. Qa5 e6 41. Qa4 exd5 42. Rxd6 dxe4 43. Rd7 Qc6 44. Qxc6 Nxc6 45. Ra6 Nxa7 46. Rdxa7 Rxa7 47. Rxa7 Kg7 48. Rc7 Rc3 49. Kf1 Rc2 50. Ke1 Kf6 51. Kd1 Rc4 52. Kd2 Ke6 53. g4 h5 54. gxh5 gxh5 55. h4 f5 56. Rc6+ Ke5 57. Rh6 Rd4+ 58. Kc2 Rd3 59. Rxh5 c4 60. Rh8 Rh3 61. h5 Kf4 62. h6 Rh2 63. Kc3 Rxf2 64. h7 e3 65. Re8 Rh2 66. h8Q Rxh8 67. Rxh8 Kf3 68. Rh1 Kf2 69. Kc2 e2 70. Rh2+ Kf1 71. Rh1+ Kf2 72. Rh2+ Kf1 73. Rh1+ Kg2 74. Re1 Kf3 75. Kd2 f4 76. Rxe2 c3+ 77. Ke1 Kg3 78. Rc2 f3 79. Rxc3 Kg2 80. Rc2+ Kg1 81. Rf2 1-0

[Event "FISU World University"]
[Site "Tornelo INT"]
[Date "2020.10.28"]
[Round "8.21"]
[White "Fernandes, Tiago Saraiva"]
[Black "Alboredo, Julia"]
[Result "1-0"]
[WhiteElo "1950"]
[BlackElo "2182"]
[PlyCount "69"]
[EventDate "2020.10.26"]
[EventType "team-swiss (rapid)"]
[EventRounds "9"]
[EventCountry "NET"]
[SourceTitle "CBM 199 Extra"]
[Source "ChessBase"]
[SourceDate "2021.01.31"]
[SourceVersion "1"]
[SourceVersionDate "2021.01.31"]
[SourceQuality "1"]
[WhiteTeam "Portugal"]
[BlackTeam "Brazil"]
[WhiteTeamCountry "POR"]
[BlackTeamCountry "BRA"]

1. e4 c5 2. Nf3 d6 3. Bb5+ Nc6 4. 0-0 Bd7 5. Re1 Nf6 6. c3 a6 7. Bc4 b5 8. Bf1 Bg4 9. a4 Rb8 10. d4 Bxf3 11. gxf3 e5 12. dxc5 dxc5 13. Qxd8+ Nxd8 14. Na3 c4 15. axb5 axb5 16. Nc2 Ne6 17. Be3 Bc5 18. Bxc5 Nxc5 19. Nb4 Nb3 20. Ra7 0-0 21. Nc6 Ra8 22. Rb7 Nh5 23. Rxb5 Nd2 24. Bg2 f6 25. Rd1 Nb3 26. Bf1 Kh8 27. Bxc4 Rac8 28. Bd5 f5 29. Rxb3 fxe4 30. Bxe4 Nf6 31. Nxe5 Nxe4 32. fxe4 Rce8 33. Rd5 Rf4 34. f3 g5 35. Rb7 1-0

[Event "FISU World University"]
[Site "Tornelo INT"]
[Date "2020.10.27"]
[Round "6.20"]
[White "Fernandes, Tiago Saraiva"]
[Black "Morante Rafael, Aritz"]
[Result "1/2-1/2"]
[WhiteElo "1950"]
[BlackElo "2161"]
[PlyCount "137"]
[EventDate "2020.10.26"]
[EventType "team-swiss (rapid)"]
[EventRounds "9"]
[EventCountry "NET"]
[SourceTitle "CBM 199 Extra"]
[Source "ChessBase"]
[SourceDate "2021.01.31"]
[SourceVersion "1"]
[SourceVersionDate "2021.01.31"]
[SourceQuality "1"]
[WhiteTeam "Portugal"]
[BlackTeam "Spain III"]
[WhiteTeamCountry "POR"]
[BlackTeamCountry "ESP"]

1. e4 e6 2. d4 d5 3. Nd2 Be7 4. Bd3 Nf6 5. e5 Nfd7 6. c3 c5 7. Ne2 Nc6 8. 0-0 b6 9. Nf3 g5 10. Bb5 Bb7 11. Qa4 Rc8 12. Qc2 g4 13. Ne1 cxd4 14. Bxc6 Bxc6 15. Bh6 Nxe5 16. Bg7 Bf6 17. Bxh8 Bxh8 18. Qxh7 Qf6 19. Nxd4 Bb7 20. Nd3 Qg7 21. Qxg7 Bxg7 22. Nxe5 Bxe5 23. Rad1 Kd7 24. Rfe1 Bd6 25. g3 Ba6 26. f3 gxf3 27. Nxf3 Ke7 28. Nd4 Kd7 29. Kg2 Bc4 30. a3 a5 31. Rd2 Rg8 32. Rf2 Rg7 33. Rd2 Rg6 34. Rf2 Rg7 35. Rd2 Rg6 36. Rf2 Rg7 37. Rf6 Be7 38. Rf2 Bd3 39. Rd2 Bc4 40. b3 Ba6 41. b4 a4 42. Nf3 Bd6 43. Nd4 Bc4 44. Rf2 Bd3 45. Rd2 Bc4 46. Rf2 Bd3 47. Rd2 Bc4 48. Nf3 Ke7 49. Ne5 Bb5 50. Nf3 Bc4 51. Ne5 Bb5 52. Rf2 Ba6 53. Nc6+ Kd7 54. Ne5+ Ke7 55. Nc6+ Kd7 56. Nd4 Bc4 57. Re3 Ba6 58. Ref3 Ke7 59. Rf6 Bd3 60. Nc6+ Ke8 61. Rh6 Kd7 62. Nd4 Be4+ 63. Kf1 Be5 64. Ke2 Bd6 65. Rhf6 Ke7 66. Nc6+ Ke8 67. Nd4 Ke7 68. Nc6+ Ke8 69. Nd4 1/2-1/2

[Event "Pontevedra op 7th"]
[Site "Pontevedra"]
[Date "2019.08.13"]
[Round "8"]
[White "De Prado Rodriguez, Oscar Bruno"]
[Black "Fernandes, Tiago Saraiva"]
[Result "1-0"]
[WhiteElo "2155"]
[BlackElo "1945"]
[PlyCount "71"]
[EventDate "2019.08.08"]
[EventType "swiss"]
[EventRounds "9"]
[EventCountry "ESP"]
[SourceTitle "EXT 2020"]
[Source "ChessBase"]
[SourceDate "2019.10.17"]
[SourceVersion "1"]
[SourceVersionDate "2019.10.17"]
[SourceQuality "1"]

1. d4 Nf6 2. Bf4 d5 3. e3 c5 4. c3 Nc6 5. Nd2 Qb6 6. Qb3 c4 7. Qc2 g6 8. e4 e6 9. Ngf3 Nh5 10. Be3 f5 11. exf5 exf5 12. g3 Bd6 13. Ne5 Qc7 14. f4 Nf6 15. Bg2 Be6 16. 0-0 Ne4 17. Rfc1 0-0 18. b3 b5 19. bxc4 bxc4 20. Qa4 Bd7 21. Nxd7 Qxd7 22. Nxe4 fxe4 23. Qb5 Ba3 24. Rc2 Rab8 25. Qa4 Bd6 26. Rf1 Rb6 27. Rcf2 Qc8 28. Qd1 Ne7 29. g4 Qc7 30. Bh3 Rfb8 31. f5 Rb2 32. f6 Bxh2+ 33. Kh1 Qg3 34. Rxb2 Qxh3 35. Rxh2 Qxe3 36. fxe7 1-0

[Event "Pontevedra op 7th"]
[Site "Pontevedra"]
[Date "2019.08.12"]
[Round "7"]
[White "Fernandes, Tiago Saraiva"]
[Black "Bouza Santiso, Roque"]
[Result "1-0"]
[WhiteElo "1945"]
[BlackElo "1775"]
[PlyCount "71"]
[EventDate "2019.08.08"]
[EventType "swiss"]
[EventRounds "9"]
[EventCountry "ESP"]
[SourceTitle "EXT 2020"]
[Source "ChessBase"]
[SourceDate "2019.10.17"]
[SourceVersion "1"]
[SourceVersionDate "2019.10.17"]
[SourceQuality "1"]

1. e4 c5 2. Nf3 e6 3. d3 d5 4. Nbd2 Nc6 5. g3 Bd6 6. Bg2 Nge7 7. 0-0 0-0 8. Re1 Qc7 9. Qe2 f6 10. c3 d4 11. Nc4 e5 12. a4 Be6 13. Nfd2 Na5 14. Na3 a6 15. c4 Nac6 16. Nc2 Rab8 17. Rf1 b5 18. axb5 axb5 19. Na3 bxc4 20. Ndxc4 f5 21. exf5 Bxf5 22. Nxd6 Qxd6 23. Nc4 Qc7 24. f4 exf4 25. Bxf4 Qd7 26. Bxb8 Rxb8 27. Bxc6 Nxc6 28. Ne5 Nxe5 29. Qxe5 Rf8 30. Qxc5 g6 31. Ra7 Qd8 32. Qe5 Bd7 33. Rxf8+ Kxf8 34. Qd6+ Ke8 35. Qxd4 Ke7 36. Qe5+ 1-0

[Event "Pontevedra op 7th"]
[Site "Pontevedra"]
[Date "2019.08.11"]
[Round "5"]
[White "Fernandes, Tiago Saraiva"]
[Black "Medarde Santiago, Luis Marcos"]
[Result "0-1"]
[WhiteElo "1945"]
[BlackElo "2348"]
[PlyCount "74"]
[EventDate "2019.08.08"]
[EventType "swiss"]
[EventRounds "9"]
[EventCountry "ESP"]
[SourceTitle "EXT 2020"]
[Source "ChessBase"]
[SourceDate "2019.10.17"]
[SourceVersion "1"]
[SourceVersionDate "2019.10.17"]
[SourceQuality "1"]

1. e4 c5 2. Nf3 e6 3. d3 Nc6 4. g3 Nf6 5. Bg2 d5 6. Qe2 Be7 7. 0-0 0-0 8. e5 Nd7 9. h4 Qc7 10. Bf4 b5 11. Re1 Bb7 12. Nbd2 Rfc8 13. Nf1 b4 14. N1h2 a5 15. h5 h6 16. Ng4 Bf8 17. Nh4 Qd8 18. Bh3 a4 19. Nh2 Kh8 20. N2f3 Rc7 21. Kh2 Be7 22. Qe3 Nf8 23. Bxh6 gxh6 24. Qxh6+ Nh7 25. Bf5 exf5 26. Nxf5 Bf8 27. Qf4 Bc8 28. g4 Nd4 29. N3xd4 cxd4 30. Qxd4 Be6 31. Re2 Qg5 32. Qb6 Rac8 33. Nd6 Qh4+ 34. Kg1 Qxg4+ 35. Kf1 Qh3+ 36. Kg1 Bxd6 37. exd6 Rg8# 0-1

[Event "Pontevedra op 7th"]
[Site "Pontevedra"]
[Date "2019.08.10"]
[Round "4"]
[White "Garcia Martinez, Belarmino"]
[Black "Fernandes, Tiago Saraiva"]
[Result "0-1"]
[WhiteElo "1178"]
[BlackElo "1945"]
[PlyCount "62"]
[EventDate "2019.08.08"]
[EventType "swiss"]
[EventRounds "9"]
[EventCountry "ESP"]
[SourceTitle "EXT 2020"]
[Source "ChessBase"]
[SourceDate "2019.10.17"]
[SourceVersion "1"]
[SourceVersionDate "2019.10.17"]
[SourceQuality "1"]

1. Nf3 Nf6 2. c4 g6 3. d4 c5 4. d5 b5 5. e3 bxc4 6. Bxc4 d6 7. Nc3 Bg7 8. Qc2 0-0 9. 0-0 Nbd7 10. a3 Nb6 11. b3 Bb7 12. e4 Nxe4 13. Bb2 Nxc3 14. Bxc3 Bxc3 15. Qxc3 Nxd5 16. Qd2 Nf6 17. Ng5 e6 18. Bxe6 fxe6 19. Nxe6 Qb6 20. Qh6 Rf7 21. Rfe1 Ng4 22. Qg5 Rxf2 23. Qxg4 Rxg2+ 24. Qxg2 Bxg2 25. Kxg2 Qxb3 26. Rab1 Qd5+ 27. Kf2 Re8 28. Nf4 Rf8 29. Kg3 Qg5+ 30. Kh3 Rxf4 31. Rb8+ Kg7 0-1

[Event "Pontevedra op-B 6th"]
[Site "Pontevedra"]
[Date "2018.08.14"]
[Round "9"]
[White "Fernandes, Tiago Saraiva"]
[Black "Fernandez Salamanca, Gonzalo"]
[Result "1-0"]
[WhiteElo "1929"]
[BlackElo "1839"]
[PlyCount "126"]
[EventDate "2018.08.08"]
[EventType "swiss"]
[EventRounds "9"]
[EventCountry "ESP"]
[SourceTitle "CBM 186 Extra"]
[Source "ChessBase"]
[SourceDate "2018.08.24"]
[SourceVersion "1"]
[SourceVersionDate "2018.08.24"]
[SourceQuality "1"]

1. e4 e5 2. Nf3 Nc6 3. Bc4 Bc5 4. c3 Nf6 5. d3 a6 6. Bb3 Ba7 7. Nbd2 d6 8. Nf1 Ne7 9. Ng3 Ng6 10. 0-0 0-0 11. h3 h6 12. Be3 Bxe3 13. fxe3 d5 14. exd5 Nxd5 15. Qd2 c6 16. Rae1 Qe7 17. Qf2 Be6 18. d4 Nb6 19. Nd2 Bxb3 20. Nxb3 Qc7 21. Nc5 Rae8 22. Nf5 Nd5 23. Nd3 exd4 24. exd4 b6 25. Rxe8 Rxe8 26. c4 Nf6 27. Nxh6+ gxh6 28. Qxf6 Re3 29. Nf4 Nxf4 30. Rxf4 Re1+ 31. Kf2 Re6 32. Rg4+ Kf8 33. Qf4 Qxf4+ 34. Rxf4 Kg7 35. Kf3 Re1 36. Re4 Ra1 37. a3 Rc1 38. b3 Kf6 39. Re3 b5 40. cxb5 axb5 41. Ke4 Ra1 42. Rc3 Re1+ 43. Kd3 Re6 44. a4 bxa4 45. bxa4 Ke7 46. Rc5 Kd6 47. Rh5 Rf6 48. Kc4 Kc7 49. Kc5 Kb7 50. g4 Ka6 51. Rf5 Re6 52. Rxf7 Re3 53. Kxc6 Rc3+ 54. Kd6 Rxh3 55. d5 Kb6 56. Kd7 h5 57. gxh5 Rxh5 58. d6 Re5 59. Kd8 Kc6 60. d7 Rh5 61. Rf6+ Kb7 62. Ke7 Re5+ 63. Re6 Rd5 1-0

[Event "Pontevedra op-B 6th"]
[Site "Pontevedra"]
[Date "2018.08.10"]
[Round "3"]
[White "Fernandes, Tiago Saraiva"]
[Black "Perdiguero Herreros, Alejandro"]
[Result "1/2-1/2"]
[WhiteElo "1929"]
[BlackElo "1511"]
[PlyCount "105"]
[EventDate "2018.08.08"]
[EventType "swiss"]
[EventRounds "9"]
[EventCountry "ESP"]
[SourceTitle "CBM 186 Extra"]
[Source "ChessBase"]
[SourceDate "2018.08.24"]
[SourceVersion "1"]
[SourceVersionDate "2018.08.24"]
[SourceQuality "1"]

1. e4 e5 2. Bc4 Nf6 3. d3 c6 4. Nf3 d5 5. exd5 cxd5 6. Bb3 Nc6 7. 0-0 Bg4 8. Re1 Bd6 9. c3 0-0 10. Bg5 h6 11. Bxf6 Qxf6 12. Bxd5 Ne7 13. Qa4 Qg6 14. Nh4 Qh5 15. Bf3 f5 16. Bxg4 fxg4 17. g3 Kh8 18. Nd2 Nf5 19. Nxf5 Rxf5 20. Ne4 Raf8 21. Re2 Bb8 22. Qd1 a6 23. Qf1 Ba7 24. Qg2 Rf3 25. Rd1 Qe8 26. Red2 Qf7 27. a3 Qb3 28. Re1 Bb6 29. h3 Qe6 30. h4 Qf5 31. Nd6 Bxf2+ 32. Rxf2 Rxf2 33. Nxf5 Rxg2+ 34. Kxg2 Rxf5 35. Re4 h5 36. d4 exd4 37. Rxd4 Rb5 38. b4 Re5 39. Kf2 Rf5+ 40. Ke2 b5 41. Rd6 Rf6 42. Rd5 g6 43. Re5 Kg7 44. Kd3 Rd6+ 45. Ke4 Rc6 46. Kd4 Kf7 47. Rc5 Rf6 48. Re5 Re6 49. Rxe6 Kxe6 50. Ke4 Kf6 51. Kf4 Kg7 52. Ke4 Kf6 53. Kf4 1/2-1/2

[Event "Lisbon Portugal rapid op"]
[Site "Lisbon"]
[Date "2018.02.10"]
[Round "2"]
[White "Weinzettl, Ernst"]
[Black "Fernandes, Tiago Saraiva"]
[Result "1/2-1/2"]
[WhiteElo "2238"]
[BlackElo "1969"]
[PlyCount "60"]
[EventDate "2018.02.10"]
[EventType "swiss (rapid)"]
[EventRounds "8"]
[EventCountry "POR"]
[SourceTitle "CBM 182 Extra"]
[Source "ChessBase"]
[SourceDate "2018.02.23"]
[SourceVersion "1"]
[SourceVersionDate "2018.02.23"]
[SourceQuality "1"]

1. e4 c5 2. Nf3 Nc6 3. d4 cxd4 4. Nxd4 g6 5. c4 Nf6 6. Nc3 d6 7. Be2 Nxd4 8. Qxd4 Bg7 9. Bg5 0-0 10. Qd2 Be6 11. Rc1 Qa5 12. f3 Rfc8 13. b3 a6 14. Nd5 Qxd2+ 15. Kxd2 Bxd5 16. exd5 Kf8 17. b4 Nd7 18. Rc2 a5 19. a3 axb4 20. axb4 Ra4 21. Rb1 b6 22. Be3 Rca8 23. f4 Ra2 24. Bd3 Ke8 25. Rbc1 Bb2 26. Rb1 Bf6 27. Rbc1 Bb2 28. Rb1 Bg7 29. Rbc1 Bb2 30. Rb1 Bg7 1/2-1/2

[Event "Lisbon Portugal op"]
[Site "Lisbon"]
[Date "2018.02.05"]
[Round "5"]
[White "Fernandes, Tiago Saraiva"]
[Black "Asvestopoulou, Evdokia"]
[Result "1/2-1/2"]
[WhiteElo "1969"]
[BlackElo "1685"]
[PlyCount "67"]
[EventDate "2018.02.03"]
[EventType "swiss"]
[EventRounds "9"]
[EventCountry "POR"]
[SourceTitle "EXT 2019"]
[Source "ChessBase"]
[SourceDate "2018.10.10"]
[SourceVersion "1"]
[SourceVersionDate "2018.10.10"]
[SourceQuality "1"]

1. e4 c5 2. Nf3 Nc6 3. Bb5 g6 4. 0-0 Bg7 5. Re1 Nf6 6. e5 Nd5 7. Nc3 Nc7 8. Bxc6 dxc6 9. Ne4 Ne6 10. d3 0-0 11. Be3 b6 12. Qd2 Nd4 13. Nxd4 cxd4 14. Bh6 c5 15. Qf4 Bb7 16. Bxg7 Kxg7 17. h4 Bxe4 18. Rxe4 e6 19. g4 Qxh4 20. Kg2 f5 21. g5 Qxf4 22. Rxf4 h6 23. gxh6+ Kxh6 24. Rh4+ Kg7 25. f4 Rh8 26. Rxh8 Rxh8 27. a4 a5 28. Kg3 Rh5 29. Ra3 Rh8 30. Rb3 Rb8 31. Ra3 Kh6 32. Kh4 Rh8 33. Rb3 Rb8 34. Ra3 1/2-1/2

[Event "Lisbon Portugal op"]
[Site "Lisbon"]
[Date "2018.02.04"]
[Round "3"]
[White "Fernandes, Tiago Saraiva"]
[Black "Avelino, Camila Biscaya"]
[Result "1/2-1/2"]
[WhiteElo "1969"]
[BlackElo "1694"]
[PlyCount "143"]
[EventDate "2018.02.03"]
[EventType "swiss"]
[EventRounds "9"]
[EventCountry "POR"]
[SourceTitle "EXT 2019"]
[Source "ChessBase"]
[SourceDate "2018.10.10"]
[SourceVersion "1"]
[SourceVersionDate "2018.10.10"]
[SourceQuality "1"]

1. e4 e5 2. Bc4 Nf6 3. d3 Nc6 4. Nf3 Bc5 5. c3 d6 6. Bb3 a6 7. Bc2 0-0 8. Bg5 h6 9. Bh4 Re8 10. h3 Kh8 11. g4 g5 12. Bg3 d5 13. Qe2 d4 14. Nbd2 b5 15. a4 Rb8 16. h4 Nxg4 17. hxg5 Kg7 18. Bh4 h5 19. axb5 axb5 20. Nf1 b4 21. Ba4 Ra8 22. c4 Bd7 23. Qd1 Ne7 24. Bxd7 Qxd7 25. N3d2 Bb6 26. Ng3 Rxa1 27. Qxa1 Rh8 28. Nb3 Qc6 29. Qd1 Kg6 30. 0-0 Qd7 31. Kg2 c6 32. Qf3 c5 33. Ra1 Qc8 34. Nd2 Bd8 35. Ra7 Rh7 36. Ndf1 Rh8 37. Nh2 Qe6 38. Nf5 Nxf5 39. exf5+ Qxf5 40. Qxf5+ Kxf5 41. Rxf7+ Kg6 42. Ra7 Bxg5 43. Nxg4 hxg4 44. Ra6+ Kf5 45. Bxg5 Kxg5 46. Rc6 Kf4 47. Rf6+ Kg5 48. Rc6 Kf4 49. Rxc5 Rh3 50. Rb5 Rxd3 51. c5 Rd2 52. Rxb4 Rc2 53. Rb8 Rxc5 54. b4 Rc4 55. b5 Rb4 56. b6 d3 57. Rd8 e4 58. Rf8+ Ke5 59. Re8+ Kd6 60. b7 Rxb7 61. Rxe4 Kd5 62. Re8 Rd7 63. Kf1 Ra7 64. Ke1 Ra1+ 65. Kd2 Kd4 66. Rd8+ Ke4 67. Re8+ Kf3 68. Rf8+ Kg2 69. Kxd3 Ra3+ 70. Ke2 Ra2+ 71. Ke1 Ra3 72. Ke2 1/2-1/2

[Event "POR-ch U18"]
[Site "Luso"]
[Date "2017.04.12"]
[Round "7"]
[White "Dionizio, Andre Filipe Nascim"]
[Black "Fernandes, Tiago Saraiva"]
[Result "1-0"]
[WhiteElo "1914"]
[BlackElo "1931"]
[PlyCount "65"]
[EventDate "2017.04.08"]
[EventType "swiss"]
[EventRounds "7"]
[EventCountry "POR"]
[SourceTitle "EXT 2018"]
[Source "ChessBase"]
[SourceDate "2017.10.13"]
[SourceVersion "1"]
[SourceVersionDate "2017.10.13"]
[SourceQuality "1"]

1. e4 c5 2. Nf3 Nc6 3. d4 cxd4 4. Nxd4 g6 5. Nc3 Bg7 6. Be3 Nf6 7. Bc4 0-0 8. Bb3 d6 9. h3 Bd7 10. 0-0 Rc8 11. f4 Na5 12. Qd3 a6 13. Nd5 e5 14. fxe5 dxe5 15. Bg5 exd4 16. Bxf6 Bxf6 17. Nxf6+ Kh8 18. Qxd4 Bb5 19. Nd5+ Kg8 20. Rf2 Nxb3 21. axb3 Bc6 22. Nf6+ Kh8 23. Qe3 Rg8 24. Nxg8 Kxg8 25. e5 Qe7 26. Rd2 Bd7 27. c3 Be6 28. b4 Kg7 29. Rd4 Rc7 30. Rad1 Rc8 31. Rd6 Rc4 32. R1d4 Rc8 33. Qd2 1-0